[Event "Ð§ÐµÐ¼Ð¿Ð¸Ð¾Ð½Ð°Ñ‚ ÐŸÐ¤Ðž Ð¿Ð¾ ÑˆÐ°Ñ…Ð¼Ð"]
[Site "Ð�Ð°Ð±ÐµÑ€ÐµÐ¶Ð½Ñ‹Ðµ Ð§ÐµÐ»Ð½Ñ"]
[Date "2024.03.25"]
[Round "6.9"]
[White "Ð¡Ð°Ñ„Ð¸Ð½, Ð Ð¾Ð±ÐµÑ€Ñ‚."]
[Black "Ð¨Ð¸Ð½ÐºÐ°Ñ€Ð¾Ð², Ð�Ñ€Ñ‚Ñ‘Ð¼."]
[Result "1-0"]
[WhiteElo "2207"]
[BlackElo "1910"]
[PlyCount "63"]
[EventDate "2024.03.20"]

1. d4 Nf6 2. c4 e6 3. Nf3 d5 4. g3 Be7 5. Bg2 O-O 6. O-O Nbd7 7. Qc2 c6 8. Rd1
b6 9. b3 Ba6 10. Nbd2 c5 11. e4 dxe4 12. Nxe4 Nxe4 13. Qxe4 Nf6 14. Qe2 Qc7 15.
Bf4 Bd6 16. Ne5 Nd5 17. dxc5 bxc5 18. Qd2 Bxe5 19. Bxe5 Qxe5 20. cxd5 Rfd8 21.
Qa5 Qd6 22. f4 Be2 23. Re1 Bh5 24. Qc3 Rac8 25. Re5 Bg6 26. Rae1 c4 27. dxe6
cxb3 28. e7 Re8 29. Qxc8 f6 30. Qe6+ Qxe6 31. Rxe6 b2 32. Bc6 1-0

[Event "Ð§ÐµÐ¼Ð¿Ð¸Ð¾Ð½Ð°Ñ‚ ÐŸÐ¤Ðž Ð¿Ð¾ ÑˆÐ°Ñ…Ð¼Ð"]
[Site "Ð�Ð°Ð±ÐµÑ€ÐµÐ¶Ð½Ñ‹Ðµ Ð§ÐµÐ»Ð½Ñ"]
[Date "2024.03.25"]
[Round "6.10"]
[White "Ð“Ð¾Ð»ÑŒÑ†ÐµÐ², Ð”Ð¼Ð¸Ñ‚Ñ€Ð¸Ð¹."]
[Black "Ð“Ð°Ð»Ñ�Ð²Ð¸ÐµÐ², Ð¡Ð°Ð¼Ð°Ñ‚."]
[Result "0-1"]
[WhiteElo "2215"]
[BlackElo "1959"]
[PlyCount "92"]
[EventDate "2024.03.20"]

1. e4 e6 2. d4 d5 3. exd5 exd5 4. Bd3 Nf6 5. Nf3 c5 6. O-O c4 7. Re1+ Be7 8.
Bf1 O-O 9. b3 cxb3 10. axb3 Nc6 11. c3 Ne4 12. Nfd2 Nxd2 13. Nxd2 Bf5 14. b4 a6
15. Qf3 Qd7 16. Nb3 Rfe8 17. Bf4 Be4 18. Qg3 Qf5 19. Nc5 Bxc5 20. bxc5 Re6 21.
f3 Bc2 22. Rxe6 Qxe6 23. Qf2 Bf5 24. Re1 Qd7 25. Qb2 h6 26. Bd6 b5 27. Qa2 b4
28. cxb4 Nxb4 29. Qb3 a5 30. Re7 Qc8 31. Bb5 Nc6 32. Rc7 Qe8 33. Be5 Bd7 34.
Bxc6 Bxc6 35. f4 a4 36. Qg3 Qf8 37. Rxc6 a3 38. Qe1 a2 39. Qa1 f6 40. Rb6 fxe5
41. fxe5 Qf4 42. h3 Ra4 43. Rb8+ Kh7 44. c6 Qxd4+ 45. Qxd4 Rxd4 46. c7 a1=Q+
0-1

[Event "Ð§ÐµÐ¼Ð¿Ð¸Ð¾Ð½Ð°Ñ‚ ÐŸÐ¤Ðž Ð¿Ð¾ ÑˆÐ°Ñ…Ð¼Ð"]
[Site "Ð�Ð°Ð±ÐµÑ€ÐµÐ¶Ð½Ñ‹Ðµ Ð§ÐµÐ»Ð½Ñ"]
[Date "2024.03.25"]
[Round "6.11"]
[White "Ð•Ð²Ñ‚ÑƒÑ…Ð¾Ð², Ð›ÐµÐ²."]
[Black "ÐœÐ¸Ñ€Ð·Ð°Ð½ÑƒÑ€Ð¾Ð², Ð‘ÑƒÐ»Ð°Ñ‚."]
[Result "1-0"]
[WhiteElo "2019"]
[BlackElo "2232"]
[PlyCount "69"]
[EventDate "2024.03.20"]

1. d4 Nf6 2. c4 c5 3. d5 e6 4. Nc3 exd5 5. cxd5 d6 6. Nf3 g6 7. g3 Bg7 8. Bg2
O-O 9. O-O Re8 10. Bf4 a6 11. a4 h6 12. Re1 g5 13. Bc1 Nbd7 14. h3 Rb8 15. a5
b5 16. axb6 Nxb6 17. e4 g4 18. hxg4 Nxg4 19. Qc2 Nc4 20. Ra4 Nce5 21. Bf4 Ng6
22. Bc1 Rb6 23. Ne2 Bd7 24. Ra2 Qb8 25. Nd2 Rb4 26. Rxa6 f5 27. Ra2 fxe4 28.
Nxe4 Rf8 29. Bd2 Rb6 30. Bc3 N6e5 31. Nf4 Bf5 32. Qa4 Rb7 33. Qa6 Rbf7 34. Ra5
Qd8 35. Rb5 1-0

[Event "Ð§ÐµÐ¼Ð¿Ð¸Ð¾Ð½Ð°Ñ‚ ÐŸÐ¤Ðž Ð¿Ð¾ ÑˆÐ°Ñ…Ð¼Ð"]
[Site "Ð�Ð°Ð±ÐµÑ€ÐµÐ¶Ð½Ñ‹Ðµ Ð§ÐµÐ»Ð½Ñ"]
[Date "2024.03.25"]
[Round "6.12"]
[White "Ð—Ð°ÐºÐ¸Ñ€Ð¾Ð², Ð ÑƒÑ�Ð»Ð°Ð½."]
[Black "Ð•Ñ„Ð¸Ð¼Ð¾Ð², Ð›ÐµÐ¾Ð½Ð¸Ð´."]
[Result "1-0"]
[WhiteElo "1826"]
[BlackElo "2058"]
[PlyCount "73"]
[EventDate "2024.03.20"]

1. c4 e6 2. Nc3 d5 3. e3 Nf6 4. Nf3 Nbd7 5. b3 c6 6. Bb2 Bd6 7. Qc2 O-O 8. g4
Nxg4 9. Rg1 f5 10. h3 Nge5 11. Ng5 Nf6 12. f4 Ng6 13. O-O-O Qe7 14. Kb1 Nh4 15.
Be2 Bd7 16. Nf3 Nxf3 17. Bxf3 Ba3 18. d3 b5 19. cxb5 cxb5 20. Bxa3 Qxa3 21. Ne2
a5 22. Qb2 Qe7 23. a3 b4 24. a4 Kf7 25. Qe5 Ra6 26. Bxd5 Rc8 27. Bc4 Rc5 28.
Qb2 Rd6 29. Nd4 g6 30. Nf3 Kf8 31. Ne5 Be8 32. Rc1 Kg7 33. h4 Kh6 34. Qg2 Nd7
35. d4 Rc7 36. h5 gxh5 37. Nf7+ 1-0

[Event "Ð§ÐµÐ¼Ð¿Ð¸Ð¾Ð½Ð°Ñ‚ ÐŸÐ¤Ðž Ð¿Ð¾ ÑˆÐ°Ñ…Ð¼Ð"]
[Site "Ð�Ð°Ð±ÐµÑ€ÐµÐ¶Ð½Ñ‹Ðµ Ð§ÐµÐ»Ð½Ñ"]
[Date "2024.03.25"]
[Round "6.13"]
[White "Ð“Ð°Ð»Ð¸Ñ†ÐºÐ¸Ð¹, Ð¤ÐµÐ´Ð¾Ñ€."]
[Black "ÐŸÐµÑ‚Ñ€Ð¾Ð², Ð�Ð»ÐµÐºÑ�Ð°Ð½Ð´Ñ€."]
[Result "1/2-1/2"]
[WhiteElo "1941"]
[BlackElo "2062"]
[PlyCount "59"]
[EventDate "2024.03.20"]

1. c4 Nf6 2. Nf3 e6 3. e3 d5 4. b3 c5 5. cxd5 exd5 6. Bb2 Nc6 7. Bb5 Bd6 8. O-O
O-O 9. d4 cxd4 10. Nxd4 Bd7 11. Be2 Rc8 12. Nd2 a6 13. N2f3 Qe7 14. Nxc6 Bxc6
15. Qd4 Rfe8 16. Rac1 Bd7 17. Bd3 Bg4 18. Rxc8 Rxc8 19. Ng5 h5 20. h3 Bc5 21.
Qf4 Bd6 22. Qa4 Bd7 23. Qd4 Ba3 24. Ba1 Qb4 25. Qxb4 Bxb4 26. Bxf6 gxf6 27. Nf3
Bc3 28. Rd1 a5 29. Nd4 Bc6 30. Be2 1/2-1/2

[Event "Ð§ÐµÐ¼Ð¿Ð¸Ð¾Ð½Ð°Ñ‚ ÐŸÐ¤Ðž Ð¿Ð¾ ÑˆÐ°Ñ…Ð¼Ð"]
[Site "Ð�Ð°Ð±ÐµÑ€ÐµÐ¶Ð½Ñ‹Ðµ Ð§ÐµÐ»Ð½Ñ"]
[Date "2024.03.25"]
[Round "6.15"]
[White "Ð¥Ð°ÐºÐ¸Ð¼Ð¾Ð², Ð�Ð·Ð°Ñ‚."]
[Black "ÐšÐ°Ñ€Ð»Ð¾Ð², Ð�Ð»ÐµÐºÑ�ÐµÐ¹."]
[Result "0-1"]
[WhiteElo "1790"]
[BlackElo "2131"]
[PlyCount "118"]
[EventDate "2024.03.20"]

1. e4 d6 2. d4 Nf6 3. Nc3 e5 4. dxe5 dxe5 5. Qxd8+ Kxd8 6. Nf3 Bd6 7. Bg5 c6 8.
Rd1 Ke7 9. Bxf6+ gxf6 10. Nh4 Bb4 11. Be2 Be6 12. h3 Nd7 13. Bg4 Nc5 14. Nf5+
Kf8 15. Ne3 h5 16. Bxe6 fxe6 17. O-O Bxc3 18. bxc3 Ke7 19. f3 Na4 20. Rd3 Nc5
21. Rd2 b5 22. Nd1 Rad8 23. Rff2 f5 24. exf5 exf5 25. Nb2 Rd5 26. c4 Rxd2 27.
Rxd2 b4 28. Kf2 Rb8 29. Ke2 Rb6 30. Nd3 Nxd3 31. cxd3 c5 32. f4 Ke6 33. Ke3 Rd6
34. g3 Rd4 35. fxe5 Kxe5 36. Rg2 h4 37. gxh4 Rxh4 38. Rh2 a5 39. Kf3 Kd4 40.
Kg3 Rh8 41. Kf4 Rh5 42. h4 Kxd3 43. Ke5 Kxc4 44. Kf6 f4 45. Kg6 Rh8 46. Kg7 Rb8
47. Rf2 a4 48. h5 b3 49. Rxf4+ Kc3 50. Rf3+ Kd2 51. axb3 axb3 52. Rf2+ Ke3 53.
Rf1 b2 54. Rb1 c4 55. h6 c3 56. h7 Rb7+ 57. Kg6 Rxh7 58. Kxh7 Kd2 59. Rh1 c2
0-1

[Event "Ð§ÐµÐ¼Ð¿Ð¸Ð¾Ð½Ð°Ñ‚ ÐŸÐ¤Ðž Ð¿Ð¾ ÑˆÐ°Ñ…Ð¼Ð"]
[Site "Ð�Ð°Ð±ÐµÑ€ÐµÐ¶Ð½Ñ‹Ðµ Ð§ÐµÐ»Ð½Ñ"]
[Date "2024.03.25"]
[Round "6.16"]
[White "Ð¢Ð°Ñ€Ð°Ñ�ÐµÐ½ÐºÐ¾, Ð¯Ñ€Ð¾Ñ�Ð»Ð°Ð²."]
[Black "Ð¥Ð°Ð´Ð¸ÐµÐ², Ð¢Ð¸Ð¼ÑƒÑ€."]
[Result "1-0"]
[WhiteElo "2034"]
[BlackElo "1729"]
[PlyCount "82"]
[EventDate "2024.03.20"]

1. e4 c5 2. Nf3 d6 3. d4 cxd4 4. Nxd4 Nf6 5. Nc3 a6 6. Bc4 e6 7. Be3 Nbd7 8. a3
Nc5 9. f3 b5 10. Ba2 Bb7 11. Qd2 Qc8 12. O-O-O Be7 13. g4 Ncd7 14. g5 Nh5 15.
f4 Qc7 16. f5 e5 17. Nde2 Nb6 18. Rhg1 Nc4 19. Bxc4 Qxc4 20. Nd5 Bd8 21. Nec3
Rc8 22. b3 Qc6 23. f6 g6 24. Qf2 a5 25. Kb2 Ba6 26. Rd2 O-O 27. Ne2 b4 28. axb4
Bxe2 29. Qxe2 axb4 30. Ra1 Re8 31. Ra6 Qd7 32. Nxb4 Nf4 33. Bxf4 exf4 34. Raxd6
Qh3 35. R2d3 Qh4 36. Nc6 Bc7 37. R6d5 Kh8 38. Ne7 Rb8 39. Qf3 h6 40. Qh3 Qxh3
41. Rxh3 h5 1-0

[Event "Ð§ÐµÐ¼Ð¿Ð¸Ð¾Ð½Ð°Ñ‚ ÐŸÐ¤Ðž Ð¿Ð¾ ÑˆÐ°Ñ…Ð¼Ð"]
[Site "Ð�Ð°Ð±ÐµÑ€ÐµÐ¶Ð½Ñ‹Ðµ Ð§ÐµÐ»Ð½Ñ"]
[Date "2024.03.25"]
[Round "6.17"]
[White "ÐŸÐ°Ð²Ð»Ð¾Ð²Ñ�ÐºÐ¸Ð¹, Ð¯Ñ€Ð¾Ñ�Ð»Ð°Ð²."]
[Black "Ð›Ð°Ñ€Ñ†ÐµÐ², Ð’Ð»Ð°Ð´Ð¸Ñ�Ð»Ð°Ð²."]
[Result "1-0"]
[WhiteElo "2288"]
[BlackElo "1823"]
[PlyCount "97"]
[EventDate "2024.03.20"]

1. e4 c6 2. d4 d5 3. Nd2 dxe4 4. Nxe4 Nf6 5. Nxf6+ exf6 6. Bc4 Bd6 7. Qh5 O-O
8. Nf3 Re8+ 9. Be3 Be6 10. Bxe6 fxe6 11. O-O Nd7 12. Rfd1 Qe7 13. c4 Rad8 14.
Rab1 e5 15. c5 Bc7 16. d5 cxd5 17. Rxd5 Nf8 18. Rxd8 Rxd8 19. Qg4 Qd7 20. Qxd7
Rxd7 21. b4 a6 22. g4 g6 23. b5 axb5 24. Rxb5 f5 25. gxf5 gxf5 26. Bh6 Ne6 27.
Nh4 f4 28. Rxb7 Nxc5 29. Rb5 Ne6 30. Kg2 Kf7 31. a4 Nd4 32. Rb7 Ke6 33. Nf3 Nf5
34. Ng5+ Kf6 35. Ne4+ Kg6 36. Bf8 Nh4+ 37. Kh3 Nf5 38. f3 Ne3 39. Bd6 Rxd6 40.
Nxd6 Bxd6 41. Rb6 Nf5 42. a5 Kg5 43. a6 Bc5 44. a7 Bxb6 45. a8=Q h6 46. Qg8+
Kf6 47. Kg4 Bc5 48. Qd8+ Ke6 49. Qc8+ 1-0

[Event "Ð§ÐµÐ¼Ð¿Ð¸Ð¾Ð½Ð°Ñ‚ ÐŸÐ¤Ðž Ð¿Ð¾ ÑˆÐ°Ñ…Ð¼Ð"]
[Site "Ð�Ð°Ð±ÐµÑ€ÐµÐ¶Ð½Ñ‹Ðµ Ð§ÐµÐ»Ð½Ñ"]
[Date "2024.03.25"]
[Round "6.19"]
[White "ÐšÑ€Ð¸Ð²Ð¾Ð½Ð¾Ð³Ð¾Ð², Ð�Ð»ÐµÐºÑ�Ð°Ð½Ð´Ñ€."]
[Black "Ð‘Ð¾Ñ€Ñ‰, Ð�Ð»ÐµÐºÑ�Ð°Ð½Ð´Ñ€."]
[Result "1/2-1/2"]
[WhiteElo "2153"]
[BlackElo "1820"]
[PlyCount "120"]
[EventDate "2024.03.20"]

1. c4 Nf6 2. g3 g6 3. Bg2 Bg7 4. Nc3 O-O 5. e3 d6 6. Nge2 e5 7. O-O Re8 8. d3
Nbd7 9. Rb1 a5 10. a3 Nf8 11. b4 axb4 12. axb4 h5 13. e4 h4 14. h3 hxg3 15.
fxg3 Ne6 16. Kh2 Nh5 17. Be3 c6 18. b5 Qe7 19. Qd2 Nd4 20. g4 Nf6 21. Kg1 Nd7
22. Rf2 Nc5 23. Rbf1 Be6 24. Bg5 Ncb3 25. Qe3 Nc2 26. Bxe7 Nxe3 27. Rb1 Nd2 28.
Rb2 Ndxc4 29. dxc4 Nxc4 30. Ra2 Rxa2 31. Nxa2 Rxe7 32. bxc6 bxc6 33. Nb4 Bh6
34. Rf1 Ne3 35. Ra1 c5 36. Nd5 Bxd5 37. exd5 Nxg2 38. Kxg2 f6 39. Ra6 Rd7 40.
Nc3 Kf7 41. Na4 f5 42. Nb6 Rd8 43. Nc4 Ke7 44. h4 Bf4 45. Kf3 Bc1 46. Ra1 e4+
47. Kg3 Bh6 48. g5 Bg7 49. Ra6 Bd4 50. Kf4 Bg1 51. Kg3 Rd7 52. h5 gxh5 53. Kf4
e3 54. Nxe3 Bxe3+ 55. Kxe3 Kf7 56. Kf4 Kg6 57. Ra8 Rc7 58. Rd8 Rf7 59. Rxd6+
Kg7 60. Rc6 h4 1/2-1/2

[Event "Ð§ÐµÐ¼Ð¿Ð¸Ð¾Ð½Ð°Ñ‚ ÐŸÐ¤Ðž Ð¿Ð¾ ÑˆÐ°Ñ…Ð¼Ð"]
[Site "Ð�Ð°Ð±ÐµÑ€ÐµÐ¶Ð½Ñ‹Ðµ Ð§ÐµÐ»Ð½Ñ"]
[Date "2024.03.25"]
[Round "6.20"]
[White "ÐœÐ¸Ð½Ñ…Ð°Ð¹Ð´Ð°Ñ€Ð¾Ð², Ð ÑƒÑ�Ð»Ð°Ð½."]
[Black "Ð‘ÐµÑ�Ð¿Ð°Ð»Ð¾Ð², Ð•Ð»Ð¸Ñ�ÐµÐ¹."]
[Result "0-1"]
[WhiteElo "1946"]
[BlackElo "2004"]
[PlyCount "104"]
[EventDate "2024.03.20"]

1. e4 c6 2. d4 d5 3. e5 Bf5 4. h4 h5 5. Bd3 Bxd3 6. Qxd3 e6 7. Nf3 Qa5+ 8. Nbd2
Qa6 9. c4 Ne7 10. O-O Nf5 11. b3 Be7 12. g3 O-O 13. a4 Rd8 14. Qc3 Nd7 15. Ba3
Bxa3 16. Rxa3 Rac8 17. c5 b6 18. b4 Rc7 19. Nb3 Rb8 20. cxb6 Qxb6 21. Nc5 Nxc5
22. bxc5 Qb4 23. Qd3 Rcb7 24. Rd1 Qb2 25. Rd2 Qb1+ 26. Kg2 Qxd3 27. Rdxd3 Rb4
28. a5 f6 29. a6 Kf7 30. Ra2 Rc4 31. Raa3 Rcb4 32. Ra2 Kg6 33. Re2 Rb2 34. Rdd2
Rxd2 35. Rxd2 Rb4 36. Rd3 Ra4 37. Rb3 Rxa6 38. Rb7 Ra4 39. Rc7 Ra3 40. Rc8 Rd3
41. Rc7 a5 42. exf6 gxf6 43. Ra7 Nxd4 44. Nxd4 Rxd4 45. Ra6 Rc4 46. Rxc6 e5 47.
Rc8 d4 48. c6 Kf5 49. c7 Ke4 50. Ra8 Rxc7 51. Rxa5 Rd7 52. Ra3 d3 0-1

[Event "Ð§ÐµÐ¼Ð¿Ð¸Ð¾Ð½Ð°Ñ‚ ÐŸÐ¤Ðž Ð¿Ð¾ ÑˆÐ°Ñ…Ð¼Ð"]
[Site "Ð�Ð°Ð±ÐµÑ€ÐµÐ¶Ð½Ñ‹Ðµ Ð§ÐµÐ»Ð½Ñ"]
[Date "2024.03.25"]
[Round "6.21"]
[White "Ð˜Ð³Ð½Ð°Ñ‚ÑŒÐµÐ², Ð�Ð»ÐµÐºÑ�ÐµÐ¹."]
[Black "Ð¨Ð°Ñ…ÑƒÑ€Ð´Ð¸Ð½, Ð¢Ð¸Ð¼Ð¾Ñ„ÐµÐ¹."]
[Result "1/2-1/2"]
[WhiteElo "2007"]
[BlackElo "1875"]
[PlyCount "63"]
[EventDate "2024.03.20"]

1. Nf3 Nf6 2. g3 g6 3. Bg2 Bg7 4. O-O O-O 5. d4 d5 6. c4 c6 7. Qb3 e6 8. Nc3 b6
9. Rd1 Bb7 10. a4 Nbd7 11. Bf4 Ba6 12. cxd5 cxd5 13. Nb5 Ne4 14. Nd2 Ndf6 15.
Qb4 Bxb5 16. axb5 Nxd2 17. Rxd2 Qd7 18. Rc2 Rfc8 19. Rac1 Rxc2 20. Rxc2 Rc8 21.
Rxc8+ Qxc8 22. Qa4 Nd7 23. e3 Qb7 24. g4 Bf6 25. Qc2 Nf8 26. Qc6 Qd7 27. Bd6
Qd8 28. Bc7 Qd7 29. Bd6 Qd8 30. Kf1 Be7 31. Bc7 Qd7 32. Bb8 1/2-1/2

[Event "Ð§ÐµÐ¼Ð¿Ð¸Ð¾Ð½Ð°Ñ‚ ÐŸÐ¤Ðž Ð¿Ð¾ ÑˆÐ°Ñ…Ð¼Ð"]
[Site "Ð�Ð°Ð±ÐµÑ€ÐµÐ¶Ð½Ñ‹Ðµ Ð§ÐµÐ»Ð½Ñ"]
[Date "2024.03.25"]
[Round "6.22"]
[White "Ð“Ð°Ð»Ð¸ÐµÐ², Ð Ð°Ñ�ÑƒÐ»ÑŒ."]
[Black "Ð˜Ð²Ð°Ð½Ð¾Ð², ÐœÐ°Ñ‚Ð²ÐµÐ¹."]
[Result "0-1"]
[WhiteElo "1744"]
[BlackElo "1968"]
[PlyCount "98"]
[EventDate "2024.03.20"]

1. e4 c6 2. d4 d5 3. Nc3 dxe4 4. Nxe4 Nd7 5. Nf3 Ngf6 6. Nxf6+ Nxf6 7. Ne5 e6
8. c3 Be7 9. Bd3 O-O 10. O-O c5 11. dxc5 Qc7 12. Qe2 Qxc5 13. Kh1 Bd6 14. f4 b6
15. Be3 Qc7 16. Bd4 Bc5 17. Bxc5 bxc5 18. Rad1 Bb7 19. c4 Rad8 20. Bc2 Rd4 21.
Rxd4 cxd4 22. Bd3 Nd7 23. Nxd7 Qxd7 24. Kg1 Bc6 25. b4 a6 26. Rd1 f6 27. b5
axb5 28. cxb5 Bd5 29. Bb1 Qa7 30. Qd3 g6 31. Qxd4 Qb7 32. Qb2 Kg7 33. a4 Ra8
34. Qd4 Ra7 35. Rc1 Qa8 36. b6 Re7 37. Rc2 Rd7 38. Ba2 Bc6 39. Qc3 Rd1+ 40. Kf2
Bxg2 41. Qc7+ Kh6 42. b7 Bxb7 43. Qc3 Bg2 44. Kg3 Qe4 45. Bc4 Bf3 46. Qxf3 Qxc2
47. Bf1 Rb1 48. Bd3 Rg1+ 49. Kh3 Qd1 0-1

[Event "Ð§ÐµÐ¼Ð¿Ð¸Ð¾Ð½Ð°Ñ‚ ÐŸÐ¤Ðž Ð¿Ð¾ ÑˆÐ°Ñ…Ð¼Ð"]
[Site "Ð�Ð°Ð±ÐµÑ€ÐµÐ¶Ð½Ñ‹Ðµ Ð§ÐµÐ»Ð½Ñ"]
[Date "2024.03.25"]
[Round "6.23"]
[White "Ð¨Ð°Ñ€Ð¸Ð¿Ð¾Ð², Ð­Ð´ÑƒÐ°Ñ€Ð´."]
[Black "ÐšÐ¾Ð·Ð»Ð¾Ð², Ð’Ð»Ð°Ð´Ð¸Ð¼Ð¸Ñ€."]
[Result "0-1"]
[WhiteElo "1747"]
[BlackElo "1930"]
[PlyCount "104"]
[EventDate "2024.03.20"]

1. e4 c5 2. Nc3 d6 3. d4 cxd4 4. Qxd4 Nc6 5. Qd2 g6 6. b3 Bh6 7. f4 Nf6 8. Bb2
O-O 9. O-O-O e5 10. g3 Re8 11. Kb1 Nd4 12. Nge2 Bg4 13. Nxd4 exd4 14. Qxd4 Bg7
15. Bg2 Nxe4 16. Qxg7+ Kxg7 17. Nxe4+ Kf8 18. Rxd6 Qc7 19. Rd4 Rac8 20. Rc1 Bf5
21. Ba3+ Kg7 22. Nd6 Re2 23. Rc4 Qxc4 24. bxc4 Rxg2 25. Nxc8 Bxc8 26. Bb2+ Kh6
27. Bd4 a6 28. Bg1 Bf5 29. Kb2 Kh5 30. Kb3 Kg4 31. c3 Re2 32. a4 h5 33. a5 Be4
34. Rf1 Kh3 35. Kb4 Kg2 36. Rd1 Ra2 37. Re1 Bc6 38. Kc5 Rxa5+ 39. Kd6 Rf5 40.
Ke7 a5 41. Bd4 Kxh2 42. Re3 a4 43. Bf6 a3 44. Kxf7 Ra5 45. Re1 a2 46. Ra1 Be4
47. Bh4 Bb1 48. Ke6 Rc5 49. f5 Bxf5+ 50. Kd6 Rc6+ 51. Kd5 Bb1 52. Bg5 Kxg3 0-1

[Event "Ð§ÐµÐ¼Ð¿Ð¸Ð¾Ð½Ð°Ñ‚ ÐŸÐ¤Ðž Ð¿Ð¾ ÑˆÐ°Ñ…Ð¼Ð"]
[Site "Ð�Ð°Ð±ÐµÑ€ÐµÐ¶Ð½Ñ‹Ðµ Ð§ÐµÐ»Ð½Ñ"]
[Date "2024.03.25"]
[Round "6.25"]
[White "ÐšÐ°Ñ€Ð¿ÐµÑˆÐ¾Ð², Ð”Ð¼Ð¸Ñ‚Ñ€Ð¸Ð¹."]
[Black "Ð—Ð¸Ð»o^ÐºÐ¾Ð², ÐœÐ°ÐºÑ�Ð¸Ð¼."]
[Result "1/2-1/2"]
[WhiteElo "2048"]
[BlackElo "1731"]
[PlyCount "109"]
[EventDate "2024.03.20"]

1. e4 c5 2. Nf3 d6 3. Bb5+ Nd7 4. O-O a6 5. Bd3 Ngf6 6. Re1 Qc7 7. c3 e6 8. Bc2
b5 9. d3 Bb7 10. Nbd2 g6 11. Nf1 Bg7 12. Bf4 Rc8 13. Qd2 Ne5 14. Qe2 O-O 15.
Ng3 Nfd7 16. Bb3 a5 17. Nxe5 dxe5 18. Bd2 a4 19. Bc2 Nb6 20. b3 Rcd8 21. Rab1
a3 22. Bc1 b4 23. Bd2 Qe7 24. Red1 Rfe8 25. Nf1 Na8 26. Qe1 Bf8 27. Ne3 Nc7 28.
Nc4 f6 29. Rbc1 Nb5 30. Bb1 bxc3 31. Bxc3 Bh6 32. Ne3 Rd7 33. Ba5 Nd4 34. Rc4
Ba6 35. Ra4 f5 36. Nc4 Bf4 37. Bd2 Bb5 38. Ra5 Bxc4 39. bxc4 Qg5 40. Kf1 fxe4
41. Bxf4 Qxf4 42. Kg1 exd3 43. Bxd3 Red8 44. Rxa3 e4 45. Qxe4 Qxe4 46. Bxe4
Ne2+ 47. Kf1 Rxd1+ 48. Kxe2 R1d4 49. Bd3 e5 50. f3 Rb8 51. g4 Rb2+ 52. Ke3 Rxh2
53. Ra5 Kf7 54. Rxc5 Ke6 55. Ra5 1/2-1/2

[Event "Ð§ÐµÐ¼Ð¿Ð¸Ð¾Ð½Ð°Ñ‚ ÐŸÐ¤Ðž Ð¿Ð¾ ÑˆÐ°Ñ…Ð¼Ð"]
[Site "Ð�Ð°Ð±ÐµÑ€ÐµÐ¶Ð½Ñ‹Ðµ Ð§ÐµÐ»Ð½Ñ"]
[Date "2024.03.25"]
[Round "6.29"]
[White "ÐŸÐ¾Ñ�Ð°Ð¶ÐµÐ½ÐºÐ¾Ð², Ð�Ð¸ÐºÐ¸Ñ‚Ð°."]
[Black "ÐœÑƒÐ»Ð»Ð°Ð³Ð°Ð»Ð¸ÐµÐ², Ð�Ð°Ñ„Ð¸Ñ�."]
[Result "1-0"]
[WhiteElo "1677"]
[BlackElo "1881"]
[PlyCount "77"]
[EventDate "2024.03.20"]

1. d4 d5 2. Bf4 c6 3. e3 e6 4. Nd2 f5 5. Ngf3 Nf6 6. h3 Be7 7. Be2 O-O 8. O-O
Nbd7 9. c4 Ne4 10. Nxe4 fxe4 11. Ne5 Nxe5 12. Bxe5 Bf6 13. Bh2 Qe8 14. Rc1 Qg6
15. Kh1 Bh4 16. f4 Bd7 17. b3 Qe8 18. Qd2 Be7 19. c5 Rf6 20. g4 h6 21. Rg1 Qd8
22. g5 hxg5 23. fxg5 Rf5 24. g6 b6 25. b4 a5 26. a3 axb4 27. axb4 bxc5 28. dxc5
Rg5 29. Bf4 Rxg1+ 30. Rxg1 Bf6 31. Bd6 Bg5 32. Rf1 Bf6 33. Bd1 Be8 34. Qg2 Ra3
35. Qg4 Rxe3 36. Qxe6+ Kh8 37. Rxf6 gxf6 38. Be7 Re1+ 39. Kg2 1-0

[Event "Ð§ÐµÐ¼Ð¿Ð¸Ð¾Ð½Ð°Ñ‚ ÐŸÐ¤Ðž Ð¿Ð¾ ÑˆÐ°Ñ…Ð¼Ð"]
[Site "Ð�Ð°Ð±ÐµÑ€ÐµÐ¶Ð½Ñ‹Ðµ Ð§ÐµÐ»Ð½Ñ"]
[Date "2024.03.25"]
[Round "6.30"]
[White "Ð˜Ð»o^ÑˆÐ¸Ð½, Ð¯Ñ€Ð¾Ñ�Ð»Ð°Ð²."]
[Black "Ð“Ð¸Ð½Ð´ÑƒÐ»Ð»Ð¸Ð½, Ð‘ÑƒÐ»Ð°Ñ‚."]
[Result "0-1"]
[WhiteElo "1795"]
[BlackElo "1573"]
[PlyCount "56"]
[EventDate "2024.03.20"]

1. e4 c5 2. Nf3 e6 3. d4 cxd4 4. Nxd4 a6 5. Nc3 Qc7 6. Bd3 Nc6 7. Nf3 b5 8. a3
Bb7 9. O-O Rc8 10. Nh4 Be7 11. Qg4 Nf6 12. Qg3 Qxg3 13. hxg3 Ne5 14. Be3 Nc4
15. Bc1 Nxa3 16. e5 Ng4 17. bxa3 Rxc3 18. Bb2 Rc7 19. Nf3 f6 20. exf6 Bxf6 21.
Bxf6 Nxf6 22. a4 b4 23. Ne5 Ke7 24. Nc4 Be4 25. Rab1 Bxd3 26. cxd3 Nd5 27. a5
Rc5 28. Rb3 Rb5 0-1

[Event "Ð§ÐµÐ¼Ð¿Ð¸Ð¾Ð½Ð°Ñ‚ ÐŸÐ¤Ðž Ð¿Ð¾ ÑˆÐ°Ñ…Ð¼Ð"]
[Site "Ð�Ð°Ð±ÐµÑ€ÐµÐ¶Ð½Ñ‹Ðµ Ð§ÐµÐ»Ð½Ñ"]
[Date "2024.03.25"]
[Round "6.31"]
[White "Ð“ÑƒÐ»Ñ�Ð½, Ð�Ñ€Ñ‚ÑƒÑ€."]
[Black "Ð“Ñ€Ð¸ÑˆÑƒÐ½Ð¸Ð½, Ð�Ñ€Ñ‚ÑƒÑ€."]
[Result "1/2-1/2"]
[WhiteElo "1568"]
[BlackElo "1600"]
[PlyCount "50"]
[EventDate "2024.03.20"]

1. d4 Nf6 2. c4 g6 3. Nc3 Bg7 4. e4 d6 5. Be2 O-O 6. Be3 c5 7. d5 e6 8. Nf3
exd5 9. cxd5 Bg4 10. Nd2 Bxe2 11. Qxe2 Re8 12. O-O Na6 13. Rfe1 Nc7 14. a4 a6
15. Bg5 h6 16. Be3 b5 17. axb5 axb5 18. Rxa8 Qxa8 19. Nxb5 Nxb5 20. Qxb5 Nxe4
21. Bxh6 Rb8 22. Qc6 Qxc6 23. dxc6 Nxd2 24. Bxd2 Rc8 25. b4 Rxc6 1/2-1/2

[Event "Ð§ÐµÐ¼Ð¿Ð¸Ð¾Ð½Ð°Ñ‚ ÐŸÐ¤Ðž Ð¿Ð¾ ÑˆÐ°Ñ…Ð¼Ð"]
[Site "Ð�Ð°Ð±ÐµÑ€ÐµÐ¶Ð½Ñ‹Ðµ Ð§ÐµÐ»Ð½Ñ"]
[Date "2024.03.25"]
[Round "6.32"]
[White "Ð�Ð³Ð¸Ð±Ð°Ð»Ð¾Ð², Ð¯ÐºÐ¾Ð²."]
[Black "Ð¯ÐºÑƒÐ¿Ð¾Ð², Ð�Ð°Ð¸Ð»ÑŒ."]
[Result "1-0"]
[WhiteElo "1632"]
[BlackElo "1564"]
[PlyCount "107"]
[EventDate "2024.03.20"]

1. d4 d6 2. c4 e5 3. d5 f5 4. Nc3 Nf6 5. Nf3 Be7 6. g3 O-O 7. Bg2 Nbd7 8. Be3
Ng4 9. Bd2 h6 10. Qc2 Nc5 11. h3 Nf6 12. Nh4 e4 13. Ng6 Re8 14. Be3 b6 15. Nb5
Kh7 16. Nxe7 Qxe7 17. Nd4 Bd7 18. b4 Na6 19. a3 Qe5 20. Rd1 Nh5 21. Nc6 Bxc6
22. Bd4 Qe7 23. dxc6 Rad8 24. Bb2 Kh8 25. e3 Qg5 26. Qe2 f4 27. Qg4 fxe3 28.
Qxg5 exf2+ 29. Kxf2 hxg5 30. Bf1 Rf8+ 31. Kg2 e3 32. Kg1 Nxg3 33. Rh2 Rde8 34.
Re1 Rf2 35. Bd3 Rf3 36. Bd4 e2 37. Bxe2 Nxe2+ 38. Rexe2 Rxe2 39. Rxe2 Rf4 40.
Rd2 Kg8 41. Kg2 g4 42. Kg3 Rf3+ 43. Kxg4 Rxa3 44. b5 Nc5 45. Bxc5 bxc5 46. Rxd6
Ra4 47. Kf5 Rxc4 48. Ke6 Rb4 49. Kd7 Rxb5 50. Kxc7 c4 51. Kd8 c3 52. c7 c2 53.
c8=Q Rb8 54. Rc6 1-0

[Event "Ð§ÐµÐ¼Ð¿Ð¸Ð¾Ð½Ð°Ñ‚ ÐŸÐ¤Ðž Ð¿Ð¾ ÑˆÐ°Ñ…Ð¼Ð"]
[Site "Ð�Ð°Ð±ÐµÑ€ÐµÐ¶Ð½Ñ‹Ðµ Ð§ÐµÐ»Ð½Ñ"]
[Date "2024.03.25"]
[Round "6.33"]
[White "Ð¢Ð¾ÑˆÐ¸Ð½, Ð¯Ñ€Ð¾Ñ�Ð»Ð°Ð²."]
[Black "Ð�Ð³Ð¸ÑˆÐµÐ², Ð­Ð¼Ð¸Ð»ÑŒ."]
[Result "1-0"]
[WhiteElo "1664"]
[BlackElo "1530"]
[PlyCount "75"]
[EventDate "2024.03.20"]

1. e4 c5 2. Nf3 e6 3. d3 d5 4. Nbd2 Nc6 5. g3 g6 6. Bg2 Bg7 7. O-O Nge7 8. Re1
O-O 9. e5 Qc7 10. Qe2 Nf5 11. c3 b5 12. g4 Nfe7 13. Nf1 Ba6 14. Bg5 b4 15. Qd2
Nc8 16. Bh6 Nb6 17. Ng3 Qe7 18. h4 Rab8 19. h5 Na4 20. Rab1 Rfc8 21. Bg5 Qc7
22. Bf6 bxc3 23. bxc3 Rxb1 24. Rxb1 Nxe5 25. Bxg7 Kxg7 26. h6+ Kg8 27. d4 Nxf3+
28. Bxf3 f6 29. Qe3 Qd6 30. Re1 Kf7 31. g5 f5 32. Nh5 Nb2 33. Nf4 Bc4 34. dxc5
Rxc5 35. Qd4 e5 36. Rxe5 Bxa2 37. Re2 Qb6 38. Qg7# 1-0

[Event "Ð§ÐµÐ¼Ð¿Ð¸Ð¾Ð½Ð°Ñ‚ ÐŸÐ¤Ðž Ð¿Ð¾ ÑˆÐ°Ñ…Ð¼Ð"]
[Site "Ð�Ð°Ð±ÐµÑ€ÐµÐ¶Ð½Ñ‹Ðµ Ð§ÐµÐ»Ð½Ñ"]
[Date "2024.03.25"]
[Round "6.35"]
[White "ÐœÑƒÑ�Ð¸Ð½, Ð Ð°Ð¼Ð°Ð·Ð°Ð½."]
[Black "Ð“Ñ€Ð¸Ð±ÐºÐ¾Ð², Ð¡ÐµÑ€Ð³ÐµÐ¹."]
[Result "1-0"]
[WhiteElo "1552"]
[BlackElo "800"]
[PlyCount "102"]
[EventDate "2024.03.20"]

1. Nf3 Nf6 2. g3 e6 3. Bg2 d5 4. O-O c5 5. d3 Nc6 6. Nbd2 e5 7. e4 d4 8. a4 Be7
9. Ne1 Qc7 10. f4 exf4 11. gxf4 Bg4 12. Ndf3 O-O-O 13. Qe2 Rde8 14. Qf2 h6 15.
c3 g5 16. cxd4 cxd4 17. Bd2 Kb8 18. Rc1 Bxf3 19. Nxf3 Ng4 20. Qe2 Qb6 21. h3
Ne3 22. Bxe3 dxe3 23. a5 Nxa5 24. Ne5 Qb5 25. fxg5 Qxe5 26. Rf5 Qd4 27. Rxa5
Bxg5 28. Rd5 Qb6 29. Rd7 Rc8 30. Rxc8+ Rxc8 31. Rxf7 Bh4 32. e5 Rc1+ 33. Kh2
Bg3+ 34. Kxg3 Qg6+ 35. Kh2 Qxf7 36. Qxe3 Rc2 37. Qxh6 Rxb2 38. Qd6+ Qc7 39.
Qf8+ Qc8 40. Qd6+ Qc7 41. Qf8+ Qc8 42. Qd6+ Ka8 43. Qd5 a6 44. d4 Qf8 45. Qe4
Qe7 46. d5 a5 47. d6 Qe6 48. Qd4 Qa2 49. Qe4 Qe6 50. Qd4 Qa2 51. Qe4 Qe6 1-0

[Event "Ð§ÐµÐ¼Ð¿Ð¸Ð¾Ð½Ð°Ñ‚ ÐŸÐ¤Ðž Ð¿Ð¾ ÑˆÐ°Ñ…Ð¼Ð"]
[Site "Ð�Ð°Ð±ÐµÑ€ÐµÐ¶Ð½Ñ‹Ðµ Ð§ÐµÐ»Ð½Ñ"]
[Date "2024.03.25"]
[Round "6.36"]
[White "ÐœÑƒÐ»Ð»Ð¸Ð½, Ð—ÑƒÑ„Ð°Ñ€."]
[Black "Ð“Ð¾Ñ€Ð¸Ð½, Ð�Ð»ÐµÐºÑ�Ð°Ð½Ð´Ñ€."]
[Result "0-1"]
[WhiteElo "1894"]
[BlackElo "1471"]
[PlyCount "76"]
[EventDate "2024.03.20"]

1. e4 c5 2. Nf3 Nc6 3. d4 cxd4 4. Nxd4 e5 5. Nb5 d6 6. c4 a6 7. N5a3 Nf6 8. Nc3
Be7 9. Bg5 O-O 10. Qd2 Nd4 11. Nc2 Nxc2+ 12. Qxc2 Be6 13. Qd2 Rc8 14. b3 Qa5
15. Rc1 b5 16. Bxf6 Bxf6 17. Nb1 Qd8 18. Rc2 Bg5 19. Qd3 f5 20. cxb5 Rxc2 21.
Qxc2 axb5 22. Bd3 Qa5+ 23. Ke2 Rc8 24. Qb2 fxe4 25. Bxe4 Qb4 26. f3 Qc5 27. Rd1
Bf4 28. h3 d5 29. Bd3 e4 30. fxe4 dxe4 31. Bxe4 Qe3+ 32. Kf1 Qxe4 33. Nd2 Qd3+
34. Kg1 Rc2 35. Qa3 Rxd2 36. Qa8+ Kf7 37. Qb7+ Kg6 38. Rxd2 Bxd2 0-1